| 000 | 00340nam a22001337a 4500 | ||
|---|---|---|---|
| 005 | 20230818100423.0 | ||
| 008 | 230818b |||||||| |||| 00| 0 eng d | ||
| 040 | _aLoreto college | ||
| 041 | _aEnglish | ||
| 082 |
_a301.42 _bLOB |
||
| 245 |
_aMarriage and divorce in India _bchanging concepts and practices |
||
| 850 | _aLCLIB | ||
| 942 | _cBK | ||
| 999 |
_c43509 _d93988 |
||